| 000 | 00750nam a22002297a 4500 | ||
|---|---|---|---|
| 003 | OSt | ||
| 005 | 20140310181740.0 | ||
| 008 | 130322t xxu||||| |||| 00| 0 eng d | ||
| 020 | _a0921217544 | ||
| 050 |
_aLB 1576 _b.P44 1990 |
||
| 082 |
_aTR 372.6'044 _bP44 1990 |
||
| 100 |
_aPhenix, Jo _9504 |
||
| 245 |
_aTeaching writing : _b the nuts and bolts of running a day-to-day writing program/ _cJo Phenix. |
||
| 260 |
_aMarkham, Ont. : _bPembroke Publishers, _cc1990. |
||
| 300 |
_a124 p. : _c23 cm. |
||
| 521 | _aFaculty | ||
| 541 | _j1 | ||
| 562 | _e1 | ||
| 650 |
_aCreative writing (Elementary education). _9505 |
||
| 650 |
_aEnglish Language _xcomposition and exercises _xstudy and teaching (Elementary). _9506 |
||
| 942 |
_2lcc _cBK-TR _kTR |
||
| 999 |
_c2723 _d2723 |
||